000 01127nam a2200265 a 4500
001 000027489
005 20250924073802.0
008 110401s1987 dr d 000 0 spa d
040 _aDO-SdBNP
_bspa
_cBNPHU
082 _a320.97293
_bI11t
100 1 _aIanni, Vanna
_923411
245 1 3 _aEl territorio de las masas :
_bespacios y movimientos sociales en República Dominicana abril 1984 - abril 1986 /
_cVanna Ianni.
260 _aSanto Domingo :
_bUASD,
_c1987.
300 _a132 p. :
_bgráfcs. ;
_c21 cm.
490 1 _aPublicaciones de la Universidad Autónoma de Santo Domingo
_v570
490 1 _aEstudios Sociales
_v3
590 _aInventariado, 2018/ YL
650 4 _aParticipación política
_zRepública Dominicana
_914012
650 4 _aSociedad de masas
_xAspectos políticos
_zRepública Dominicana
_954569
650 4 _aDemocracia
_xAspectos sociales
_zRepública Dominicana
_954570
651 4 _aRepública Dominicana
_xCondiciones Sociales
_946
830 _aPublicaciones de la Universidad Autónoma de Santo Domingo
_v570
_952
830 0 _aEstudios Sociales
_n3
_954571
910 _aValidado. Control de calidad EMS
999 _c26981
_d26981